000 00377cam a22001337a 4500
008 180718b1970 xxu||||| |||| 00| 0 eng d
082 _aI52 B739
100 _aBray ,Jeremy
245 _aDecision in government
_cBy Jeremy Bray
260 _aLondon
_bVictor gollancz
_c1970
300 _a319p
650 _aGreat Britain - Economic policy - 1964-1979
650 _aEconomic policy
999 _c409314
_d409314